|
|
|
|
| LEADER |
00000nam0a2200000 4500 |
| 001 |
310673 |
| 005 |
20231102002318.0 |
| 020 |
|
|
|a RU
|b 82-30881
|
| 035 |
|
|
|a (RuTPU)RU\TPU\book\336023
|
| 090 |
|
|
|a 310673
|
| 100 |
|
|
|a 20151127d1982 k y0rusy5003 ca
|
| 101 |
0 |
|
|a rus
|
| 102 |
|
|
|a RU
|
| 105 |
|
|
|a a z 001zy
|
| 200 |
1 |
|
|a Архив Маркса и Энгельса
|h Т. 16
|f Институт марксизма-ленинизма (ИМЛ)
|
| 210 |
|
|
|a Москва
|c Политиздат
|d 1982
|
| 215 |
|
|
|a 405 с.
|c (8 л. ил., факс.)
|
| 305 |
|
|
|a Изд. выходит с 1932 г.
|
| 320 |
|
|
|a Указатель имен: с. 395-400
|
| 320 |
|
|
|a Указатель цитируемой и упоминаемой литературы: с. 401-403
|
| 464 |
|
|
|t Конспект "Трудов податной комиссии* (Окончание)
|
| 464 |
|
|
|t Конспект "Военно-статистического сборника. Вып. 4. Россия
|f К. Маркс
|a Маркс, Карл
|
| 600 |
|
1 |
|a Маркс
|g Карл
|b К.
|c немецкий мыслитель
|c общественный деятель
|c основоположник марксизма
|f 1818-1883
|2 stltpush
|3 (RuTPU)RU\TPU\pers\297
|
| 606 |
1 |
|
|a Экономическая история
|y Россия
|y СССР
|2 stltpush
|3 (RuTPU)RU\TPU\subj\26579
|9 50474
|
| 610 |
1 |
|
|a 19 век
|
| 610 |
1 |
|
|a экономика
|
| 610 |
1 |
|
|a сельское хозяйство
|
| 610 |
1 |
|
|a землепользование
|
| 686 |
|
|
|a У9(2)0-03
|2 rubbk
|
| 712 |
0 |
2 |
|a Институт марксизма-ленинизма (ИМЛ)
|c (Москва)
|c (1956-1991)
|2 stltpush
|3 (RuTPU)RU\TPU\col\4702
|
| 801 |
|
0 |
|a RU
|b RuMRKP
|c 19950704
|g psbo
|
| 801 |
|
1 |
|a RU
|b 63413507
|c 20151127
|
| 801 |
|
2 |
|a RU
|b 63413507
|c 20191225
|g RCR
|
| 942 |
|
|
|c BK
|